Drácula

Salvato in:
Dettagli Bibliografici
Autore principale: Stoker, Bram (Autore)
Natura: Libro
Lingua:spagnolo
Pubblicazione: Madrid Edaf S. A 2002
Edizione:1a. ed
Serie:Biblioteca H. P. Lovecraft
Soggetti:
Tags: Aggiungi Tag
Nessun Tag, puoi essere il primo ad aggiungerne!!

MARC

LEADER 00000cam a2200000 a 4500
001 UCD5917
003 CL-VaPUC
008 161104e20020000sp |||||||||||||||||spa|d
020 |a 8441411980 
082 0 4 |a 823  |b STO  |2 21 
100 0 |a Stoker, Bram  |e author  |9 589691 
245 1 0 |a Drácula 
250 |a 1a. ed 
300 |a 495 p 
942 |c BK 
945 |d 20161104 11:00:00  |a dcastane 
260 |a Madrid  |b Edaf S. A  |c 2002 
650 0 |a Literatura inglesa  |9 312907 
650 0 |a Novelas inglesas  |9 265220 
583 |a last modification  |c 20161104 11:00:00  |k Rodrigo Vera 
490 0 |a Biblioteca H. P. Lovecraft 
999 |c 366431  |d 366429 
952 |0 0  |1 0  |3 erb  |4 0  |6 823_000000000000000_STO_2002  |7 0  |8 A  |9 480669  |a BIBGIM  |b BIBGIM  |i 5346436  |l 2  |m 1  |o 823 STO 2002  |p 5346436  |r 2025-01-15  |s 2024-10-25  |w 2019-11-24  |y BK  |z Catalogado en:20161104  |k COM